[Event "Oberliga Nord N 1920"]
[Site "Germany"]
[Date "2021.08.15"]
[Round "9.8"]
[White "Kilic, Oguz"]
[Black "Khalaf, Ayman"]
[Result "1-0"]
[WhiteElo "2042"]
[BlackElo "1807"]
[PlyCount "75"]
[EventDate "2019.09.29"]
[EventType "team-tourn"]
[EventRounds "9"]
[EventCountry "GER"]
[SourceTitle "EXT 2023"]
[Source "ChessBase"]
[SourceDate "2022.10.05"]
[SourceVersion "1"]
[SourceVersionDate "2022.10.05"]
[SourceQuality "1"]
[WhiteTeam "Hamburg Diogenes"]
[BlackTeam "Hamburg Koenigsspringer"]
[WhiteTeamCountry "GER"]
[BlackTeamCountry "GER"]

1. e4 e5 2. Nf3 Nc6 3. Bc4 Bc5 4. Nc3 Nf6 5. d3 h6 6. Be3 Bxe3 7. fxe3 d6 8. Qd2 Na5 9. Bb3 0-0 10. 0-0-0 Nxb3+ 11. axb3 a5 12. h3 Bd7 13. g4 Nh7 14. Qf2 c6 15. Nh4 g6 16. Rdf1 b5 17. Rhg1 a4 18. bxa4 b4 19. Nd1 Rxa4 20. Qg3 Kh8 21. Rf2 Be6 22. Nf5 gxf5 23. gxf5 Rg8 24. Qxg8+ Qxg8 25. Rxg8+ Kxg8 26. fxe6 fxe6 27. Rg2+ Kf7 28. h4 d5 29. exd5 exd5 30. Nf2 h5 31. e4 Ra8 32. Rg3 Rf8 33. Kd2 Ke6 34. Nh3 Rf7 35. Rg6+ Rf6 36. Rg7 Rf7 37. Rxh7 Rxh7 38. Ng5+ 1-0

[Event "Blankenese op 3rd"]
[Site "Hamburg"]
[Date "2019.10.06"]
[Round "7"]
[White "Westphal Stubbe, Siegbert"]
[Black "Khalaf, Ayman"]
[Result "0-1"]
[WhiteElo "1519"]
[BlackElo "1768"]
[PlyCount "102"]
[EventDate "2019.10.03"]
[EventType "swiss"]
[EventRounds "7"]
[EventCountry "GER"]
[SourceTitle "EXT 2023"]
[Source "ChessBase"]
[SourceDate "2022.10.05"]
[SourceVersion "1"]
[SourceVersionDate "2022.10.05"]
[SourceQuality "1"]

1. d4 d5 2. e3 Nf6 3. Nf3 Bg4 4. Nbd2 e6 5. Bd3 c5 6. c3 Nc6 7. 0-0 Qc7 8. h3 Bh5 9. Re1 e5 10. dxe5 Nxe5 11. Qa4+ Nc6 12. e4 Be7 13. e5 Nd7 14. Rb1 c4 15. Bf5 Nb6 16. Qd1 Nxe5 17. g4 Nxf3+ 18. Nxf3 Bg6 19. Qd4 0-0 20. Bf4 Bd6 21. Bxd6 Qxd6 22. Nh4 Nd7 23. Rbd1 Nb6 24. b3 cxb3 25. axb3 Qd8 26. Nxg6 hxg6 27. Bd3 Qc7 28. Rc1 a5 29. Bb5 Rfd8 30. Re5 Qd6 31. Ba4 Nc8 32. Rce1 Na7 33. c4 Nc6 34. Bxc6 bxc6 35. c5 Qb8 36. R1e3 Qb4 37. Qxb4 axb4 38. Re1 Rdb8 39. f4 Kf8 40. Rc1 Ra3 41. Re3 Re8 42. Rxe8+ Kxe8 43. Rb1 Ra2 44. Kf1 Rc2 45. Ke1 Rxc5 46. Kd2 Rc3 47. Re1+ Kd7 48. Re3 Rxe3 49. Kxe3 Kd6 50. Kd3 c5 51. h4 Ke6 0-1

[Event "Blankenese op 3rd"]
[Site "Hamburg"]
[Date "2019.10.05"]
[Round "5"]
[White "Kluth, Carsten"]
[Black "Khalaf, Ayman"]
[Result "1-0"]
[WhiteElo "2055"]
[BlackElo "1768"]
[PlyCount "101"]
[EventDate "2019.10.03"]
[EventType "swiss"]
[EventRounds "7"]
[EventCountry "GER"]
[SourceTitle "EXT 2023"]
[Source "ChessBase"]
[SourceDate "2022.10.05"]
[SourceVersion "1"]
[SourceVersionDate "2022.10.05"]
[SourceQuality "1"]

1. d4 d5 2. Bf4 Nf6 3. e3 Bf5 4. c4 c6 5. Nc3 e6 6. Qb3 Qb6 7. c5 Qxb3 8. axb3 Nbd7 9. b4 Nh5 10. Nf3 Be7 11. b5 Nxf4 12. exf4 0-0 13. Kd2 f6 14. b4 cxb5 15. Bxb5 Rfd8 16. Rhe1 Kf7 17. Nh4 Bg6 18. f5 Bxf5 19. Nxf5 exf5 20. Nxd5 Bxc5 21. bxc5 Nxc5 22. Bc4 b5 23. Ba2 Ne4+ 24. Ke3 Kg6 25. Ne7+ Kg5 26. f4+ Kh5 27. Nxf5 Nc3 28. Be6 g6 29. Kd3 b4 30. Ne3 Kh6 31. Ra6 Kg7 32. Rea1 Nb5 33. Kc4 Rab8 34. d5 Kh8 35. f5 g5 36. Kb3 Nd4+ 37. Kb2 Nb5 38. Rc1 b3 39. Ng4 Rb7 40. Rac6 Nd6 41. Rc7 Rdb8 42. R1c6 h5 43. Nxf6 a5 44. Rxb7 Rxb7 45. Rxd6 a4 46. Rd8+ Kg7 47. Nxh5+ Kh7 48. Rd7+ Kh8 49. Rxb7 a3+ 50. Kxa3 g4 51. Nf6 1-0

[Event "Hamburg-ch MB"]
[Site "Hamburg"]
[Date "2019.06.11"]
[Round "4"]
[White "Von Elsner, Mathias"]
[Black "Khalaf, Ayman"]
[Result "0-1"]
[WhiteElo "1816"]
[BlackElo "1794"]
[PlyCount "156"]
[EventDate "2019.06.08"]
[EventType "swiss"]
[EventRounds "9"]
[EventCountry "GER"]
[SourceTitle "EXT 2022"]
[Source "ChessBase"]
[SourceDate "2021.10.06"]
[SourceVersion "1"]
[SourceVersionDate "2021.10.06"]
[SourceQuality "1"]

1. c4 e6 2. g3 d5 3. Nf3 Nf6 4. b3 Be7 5. Bb2 Nbd7 6. Bg2 0-0 7. 0-0 b6 8. d3 Bb7 9. Nbd2 c6 10. Qc2 b5 11. Rfe1 Qb6 12. d4 c5 13. cxb5 Qxb5 14. dxc5 Rac8 15. Qd3 Qxd3 16. exd3 Nxc5 17. Bf1 Ba6 18. Bxf6 Bxf6 19. d4 Bxf1 20. Kxf1 Nd3 21. Re3 Nb4 22. Re2 Nc2 23. Rd1 Bxd4 24. Nc4 dxc4 25. Nxd4 Nxd4 26. Rxd4 cxb3 27. axb3 Rb8 28. Ra2 Rb7 29. Ra6 Rxb3 30. Rd7 g5 31. Raxa7 Kg7 32. Kg2 Kg6 33. h3 h5 34. Re7 Rb4 35. Rac7 h4 36. Rcd7 hxg3 37. fxg3 Rb3 38. Rc7 Rb5 39. Ra7 Rf5 40. Rab7 Ra8 41. Rb2 Ra3 42. Rf2 Rxf2+ 43. Kxf2 Ra6 44. Re8 Kf5 45. Rc8 Ra2+ 46. Kf3 Ra3+ 47. Kf2 e5 48. Rc4 Rd3 49. Rc5 Rd2+ 50. Kf3 Rd3+ 51. Kf2 Ke4 52. Rc4+ Rd4 53. Rc3 Rd2+ 54. Ke1 Rd3 55. Rc4+ Kf3 56. h4 Kxg3 57. hxg5 Rd7 58. Ke2 Re7 59. Ke3 e4 60. Rc1 Kg4 61. Rg1+ Kf5 62. Rg2 Kg6 63. Rg1 Re5 64. Kf4 Re7 65. Ke3 Kf5 66. Rg2 Ra7 67. Rg1 Ra3+ 68. Kd4 Rd3+ 69. Kc4 Rd7 70. Kc3 e3 71. Rg2 Kf4 72. g6 fxg6 73. Rxg6 e2 74. Re6 Kf3 75. Rf6+ Ke3 76. Re6+ Kf2 77. Rf6+ Ke1 78. Re6 Kd1 0-1

[Event "Hamburg-chB"]
[Site "Hamburg"]
[Date "2018.05.25"]
[Round "5"]
[White "Khalaf, Ayman"]
[Black "Malchereck, Zion"]
[Result "1-0"]
[WhiteElo "1334"]
[BlackElo "1225"]
[PlyCount "71"]
[EventDate "2018.05.19"]
[EventType "swiss"]
[EventRounds "7"]
[EventCountry "GER"]
[SourceTitle "EXT 2020"]
[Source "ChessBase"]
[SourceDate "2019.10.17"]
[SourceVersion "1"]
[SourceVersionDate "2019.10.17"]
[SourceQuality "1"]

1. d4 d5 2. c4 e6 3. Nf3 Nf6 4. Bg5 Be7 5. e3 c6 6. Nbd2 Nbd7 7. Bd3 h6 8. Bh4 Nb6 9. 0-0 dxc4 10. Nxc4 Nxc4 11. Bxc4 b5 12. Bd3 0-0 13. Qc2 Bb7 14. Ne5 Rc8 15. Rac1 Nd5 16. Bxe7 Qxe7 17. Qe2 Nb4 18. a3 Nxd3 19. Qxd3 Rfd8 20. Qc3 f6 21. Nd3 Qe8 22. Qb3 Rd5 23. Rfd1 Rcd8 24. Rc5 Kh8 25. Rxd5 cxd5 26. a4 Bc6 27. axb5 Bxb5 28. Nc5 Bc4 29. Qa3 Qe7 30. b3 Bb5 31. Qa5 Rb8 32. Ra1 a6 33. Nxa6 Bxa6 34. Qxa6 Rxb3 35. Qc8+ Kh7 36. Qc2+ 1-0